01003nam a22002657a 45000010005000000030006000050050017000110080041000280200015000690400029000840500015001130820018001281000019001462450085001652500046002502600037002963000061003335050008003945200184004025210023005865210020006096500039006296500036006687000033007049034FISKH20251117093030.0251117b cb ||||| |||| 00| 0 eng d a0590447068 aFISKHbengcFISKHdFISKH aE78.G73 D4 a398.208997078 adePaola, Tomie aThe lengend of the Indian paintbrush /cretold and illustrated by Tomie dePaola  aFirst Sholastic printing , September 1991 aNew York : bScholastic ,c1988. a42 unnumbered pages : bcolor illustrations ; c25 cm .  aZ  aLittle Gopher follows his destiny, as revealed in a Dream-Vision, of becoming an artist for his people and eventually is able to bring the colors of the sunset down to the earth. 8 a930 bLexile AD 8 aZ bRaz-Plus  aNative AmericansvChildren's Book  aMulticulturalvChildren's Book  adePaola, TomieeIllustrator